| 000 | 01316cam a2200361 a 4500 | ||
|---|---|---|---|
| 001 | 4816362 | ||
| 003 | OSt | ||
| 005 | 20180117085952.0 | ||
| 008 | 890417s1989 nyua b 101 0 eng c | ||
| 010 | _a 89006442 | ||
| 020 | _a0387969934 | ||
| 040 |
_aDNLM/DLC _cDLC _dDLC |
||
| 050 | 0 | 0 |
_aBF698 _b.P3713 1989 |
| 060 | _aBF 698 P4679 1988 | ||
| 082 | 0 | 0 |
_a155.2 _220 |
| 245 | 0 | 0 |
_aPersonality psychology : _cDavid M. Buss, |
| 250 | _a2nd ed. | ||
| 260 |
_aNew York : _bMc Graw Hill _c2005 |
||
| 300 |
_axiv, 651 p. : _bill. ; _c25 cm. |
||
| 500 | _aPapers from a conference held at the University of Michigan, Ann Arbor, April 15-17, 1988. | ||
| 504 | _aIncludes bibliographies. | ||
| 650 | 0 |
_aPersonality _xCongresses. |
|
| 650 | 2 |
_aPersonality _xcongresses. |
|
| 650 | 2 |
_aPersonality Assessment _xtrends _xcongresses. |
|
| 650 | 2 |
_aPsychological Theory _xcongresses. |
|
| 700 | 1 | _aBuss, David M. | |
| 700 | 1 | _aCantor, Nancy. | |
| 856 | 4 | 2 |
_3Publisher description _uhttp://www.loc.gov/catdir/enhancements/fy1005/89006442-d.html |
| 906 |
_a7 _bcbc _corignew _d1 _eocip _f19 _gy-gencatlg |
||
| 942 |
_2ddc _cBK |
||
| 999 |
_c2936 _d2936 |
||